[Event "La Pobla de Lillet op-B 30th"]
[Site "La Pobla de Lillet"]
[Date "2021.08.03"]
[Round "2"]
[White "Torralba Brosa, Marc"]
[Black "Capell Guix, Santiago"]
[Result "1-0"]
[WhiteElo "1776"]
[BlackElo "1552"]
[PlyCount "67"]
[EventDate "2021.08.02"]
[EventType "swiss"]
[EventRounds "9"]
[EventCountry "ESP"]
[SourceTitle "EXT 2022"]
[Source "ChessBase"]
[SourceDate "2021.10.06"]
[SourceVersion "1"]
[SourceVersionDate "2021.10.06"]
[SourceQuality "1"]

1. e4 c5 2. Nf3 Nc6 3. d4 cxd4 4. Nxd4 e5 5. Nb5 d6 6. N1c3 a6 7. Na3 b5 8. Nd5 Nf6 9. Bg5 Be7 10. Bxf6 Bxf6 11. c3 0-0 12. Nc2 Bg5 13. Bd3 Ne7 14. h4 Bh6 15. g4 Bf4 16. Nce3 Nxd5 17. Nxd5 g5 18. hxg5 Bxg5 19. Qf3 f6 20. Rh5 Be6 21. Qh3 Ra7 22. f4 exf4 23. e5 h6 24. Nxf6+ Rxf6 25. exf6 Qxf6 26. 0-0-0 Bf7 27. Rxg5+ Qxg5 28. Bf5 Bxa2 29. Rxd6 Bf7 30. Rxh6 f3+ 31. Kc2 Kf8 32. Rh8+ Ke7 33. Qxf3 Rc7 34. Qe4+ 1-0

[Event "La Pobla de Lillet op 22nd"]
[Site "La Pobla de Lillet"]
[Date "2012.08.01"]
[Round "1"]
[White "Oms Pallisse, Josep"]
[Black "Capell Guix, Santiago"]
[Result "1-0"]
[WhiteElo "2461"]
[BlackElo "1699"]
[PlyCount "52"]
[EventDate "2012.08.01"]
[EventType "swiss"]
[EventRounds "9"]
[EventCountry "ESP"]
[SourceTitle "CBM 149 Extra"]
[Source "ChessBase"]
[SourceDate "2012.08.24"]
[SourceVersion "1"]
[SourceVersionDate "2012.08.24"]
[SourceQuality "1"]

1. Nf3 Nc6 2. d4 d5 3. c4 e6 4. Nc3 Nf6 5. Bg5 dxc4 6. e4 Be7 7. Bxc4 a6 8. 0-0 b5 9. Bd3 Nb4 10. Bb1 Nc6 11. e5 Nd5 12. Ne4 Bb7 13. Qd2 h6 14. Bxe7 Ncxe7 15. Nc5 Rb8 16. Be4 c6 17. Rac1 0-0 18. Rfe1 Bc8 19. Bb1 Qe8 20. Qd3 Ng6 21. g3 f5 22. exf6 Rxf6 23. Ne5 Nxe5 24. Qh7+ Kf8 25. dxe5 Rf3 26. Bg6 Rf7 1-0

[Event "Figueres op 10th"]
[Site "Figueres"]
[Date "2009.08.06"]
[Round "7"]
[White "Vinardell Cruanas, Sergi"]
[Black "Capell Guix, Santiago"]
[Result "1-0"]
[WhiteElo "1806"]
[BlackElo "1678"]
[PlyCount "79"]
[EventDate "2009.08.01"]
[EventType "swiss"]
[EventRounds "9"]
[EventCountry "ESP"]
[SourceTitle "EXT 2010"]
[Source "ChessBase"]
[SourceDate "2010.11.25"]
[SourceVersion "1"]
[SourceVersionDate "2010.11.25"]
[SourceQuality "1"]

1. e4 e5 2. Nf3 Nc6 3. Bb5 d6 4. d4 exd4 5. Nxd4 Bd7 6. Nc3 Nf6 7. 0-0 Be7 8. Re1 0-0 9. b3 Nxd4 10. Qxd4 Bxb5 11. Nxb5 a6 12. Nc3 c6 13. Bb2 Qa5 14. Rad1 Qg5 15. e5 Nd7 16. exd6 Bf6 17. Qd2 Qh5 18. Na4 Bg5 19. Qe2 Qh6 20. Bc1 Bxc1 21. Rxc1 Qxd6 22. Rcd1 Qc7 23. Qe7 Rfe8 24. Qxe8+ Rxe8 25. Rxe8+ Nf8 26. Rdd8 g6 27. Rxf8+ Kg7 28. Rg8+ Kf6 29. Nc5 Qe7 30. Nd7+ Kg5 31. Rge8 Qa3 32. g3 Qc1+ 33. Kg2 Qxc2 34. Ne5 f5 35. Nf3+ Kh5 36. Re7 h6 37. Rh7 f4 38. Rdh8 fxg3 39. Rxh6+ Kg4 40. Rxg6+ 1-0

[Event "Figueres op 09th"]
[Site "Figueres"]
[Date "2008.08.02"]
[Round "1"]
[White "Capell Guix, Santiago"]
[Black "Mundet Riera, Jaume"]
[Result "0-1"]
[WhiteElo "1694"]
[BlackElo "2165"]
[PlyCount "60"]
[EventDate "2008.08.02"]
[EventType "swiss"]
[EventRounds "9"]
[EventCountry "ESP"]
[SourceTitle "CBM 125 Extra"]
[Source "ChessBase"]
[SourceDate "2008.09.01"]
[SourceVersion "1"]
[SourceVersionDate "2008.09.01"]
[SourceQuality "1"]

1. e4 d6 2. d4 Nf6 3. Nc3 e5 4. dxe5 dxe5 5. Qxd8+ Kxd8 6. Nf3 Bd6 7. Bg5 Be6 8. Be2 a6 9. 0-0 Nbd7 10. Rad1 Ke8 11. Nd2 h6 12. Bxf6 Nxf6 13. Nc4 Ke7 14. Nxd6 cxd6 15. a3 Rac8 16. Rd2 Rxc3 17. bxc3 Nxe4 18. Rdd1 Nxc3 19. Rde1 Nxe2+ 20. Rxe2 Bc4 21. Re3 Bxf1 22. Kxf1 Rc8 23. Rb3 b5 24. c3 Rc4 25. Ke2 Ke6 26. f3 Kd5 27. Ke3 Ra4 28. Kd3 Kc5 29. g3 f5 30. h3 d5 0-1

[Event "Santpedor op 5th"]
[Site "Santpedor"]
[Date "2001.??.??"]
[Round "1"]
[White "Capell Guix, Santiago"]
[Black "Baron Isanta, Jose Maria"]
[Result "0-1"]
[WhiteElo "1865"]
[BlackElo "2390"]
[PlyCount "62"]
[EventDate "2001.09.14"]
[EventType "swiss"]
[EventRounds "7"]
[EventCountry "ESP"]
[SourceTitle "EXT 2003"]
[Source "ChessBase"]
[SourceDate "2002.11.25"]
[SourceVersion "1"]
[SourceVersionDate "2002.11.25"]
[SourceQuality "1"]

1. e4 c5 2. Nc3 Nc6 3. Nf3 Nf6 4. d3 d5 5. exd5 Nxd5 6. Be2 e5 7. 0-0 Be7 8. Nxd5 Qxd5 9. c4 Qd8 10. Bd2 f5 11. Bc3 Bf6 12. Rb1 Qd6 13. a3 a5 14. Qc1 0-0 15. Qd2 Bd7 16. b3 Rfe8 17. Qb2 Kh8 18. Rfe1 Nd4 19. Qd2 b6 20. Bxd4 cxd4 21. b4 e4 22. Ng5 Re7 23. dxe4 fxe4 24. Nxe4 Rxe4 25. Bf3 Rxe1+ 26. Rxe1 Bc6 27. Bg4 axb4 28. Re6 Qc5 29. Rxc6 Qxc6 30. Bf3 Rxa3 31. Qe1 Qe6 0-1

[Event "Santpedor op 5th"]
[Site "Santpedor"]
[Date "2001.??.??"]
[Round "6"]
[White "Creus Uro, Ernest"]
[Black "Capell Guix, Santiago"]
[Result "1-0"]
[WhiteElo "1850"]
[BlackElo "1865"]
[PlyCount "51"]
[EventDate "2001.09.14"]
[EventType "swiss"]
[EventRounds "7"]
[EventCountry "ESP"]
[SourceTitle "EXT 2003"]
[Source "ChessBase"]
[SourceDate "2002.11.25"]
[SourceVersion "1"]
[SourceVersionDate "2002.11.25"]
[SourceQuality "1"]

1. e4 e5 2. Nf3 Nc6 3. Bc4 Bc5 4. d3 Nf6 5. Bg5 0-0 6. Nc3 Be7 7. 0-0 d6 8. h3 Na5 9. Bb3 c6 10. Qd2 Nxb3 11. axb3 Be6 12. Qe3 b6 13. Rfe1 Qd7 14. d4 exd4 15. Nxd4 Rfe8 16. f4 Qc8 17. Na2 d5 18. e5 Ne4 19. Bxe7 Rxe7 20. Nc3 Nxc3 21. Qxc3 c5 22. Nb5 d4 23. Qf3 Qd7 24. Qxa8+ Re8 25. Qxa7 Qxb5 26. Qa4 1-0